00413nam a22001457a 4500999001900000003000500019038001100024082001800035100002500053245003100078260003200109300001300141942001200154952010100166 c529903d529903NUST awaseem a891.4394bAHM aAhmed, Khalid922925 aInharafaat /cKhalid Ahmed aLahore :bTakhlikat,c1998. a547 p. ; 2ddccBK 00102ddc4070aCLbCLcPLITd2019-10-07l0o891.4394 AHMpCL-E-155r2019-10-07w2019-10-07yBK